| 000 | 01403nam0a22002531 4500 | ||
|---|---|---|---|
| 001 | rc\2601192 | ||
| 005 | 20260407150135.0 | ||
| 035 | _a(NLR Aleph) 006765266 | ||
| 090 |
_a5886916 _c5886916 |
||
| 100 | _a20110914d1930 |||y0rusy50 ca | ||
| 101 | 0 | _arus | |
| 102 | _aRU | ||
| 105 | _ay g ||||| | ||
| 200 | 1 |
_aСправочник на стекольно-обойные работы _eНормы: производственные, дневной выработки рабочих и сметные расходы рабсилы и материалов _eСоставлен на основании хронометражных данных Свода производственных строит. норм Комиссии по строительству при С.Т.О. и др. |
|
| 210 |
_a[Ленинград] _cЛенингр. обл. упр. строит. контроля "ЛОУСК" _c[Ленингр. исполком _d1930 _gтип. газ. "Вестник Ленингр. облисполкома" |
||
| 215 |
_a55 с. _d26X18 см. |
||
| 300 | _aПеред загл.: "Изд. официальное" | ||
| 710 | 0 | 2 |
_aЛенинградское обл. управление строительного контроля _9681106 _3RU\NLR\AUTH\8810089873 |
| 801 | 0 |
_aRU _bNLR _gpsbo |
|
| 801 | 1 |
_aRU _bELAR _2rusmarc |
|
| 852 |
_aNLR _j30.12/1052 |
||
| 942 | _cBOOK | ||
| 980 | _aNB | ||